00681nmm a2200229 a 4500003000900000005001700009008004100026020001800067040001300085100001900098245006700117250001200184260004200196300001100238500004000249504002900289650002800318650003000346650002100376653002700397653002700424AR-BaBNM20251128211207.0233020s2003 ||||||||||||||000 | spa|| a950-808-368-9 cAR-BaBNM1 aActis, Beatriz10aTaller de lenguabde la oralidad a la lectura y a la escritura a1ª ed. aRosariobHomo Sapiens Edicionesc20030 a156 p.0 aContiene actividades de aprendizaje aBibliografía en p. 155 4aENSENANZA DE LA LECTURA 4aENSENANZA DE LA ESCRITURA 4aLENGUAJE HABLADO aESTRATEGIAS DIDACTICAS aENSENANZA DE LA LENGUA